[Event "GER-chT U20 Girls"]
[Site "Magdeburg"]
[Date "2023.12.30"]
[Round "7.3"]
[White "Bauer, Laura Sophie"]
[Black "Hafermann, Lara"]
[Result "1-0"]
[WhiteElo "1878"]
[BlackElo "1575"]
[PlyCount "47"]
[EventDate "2023.12.26"]
[EventType "team-swiss"]
[EventRounds "7"]
[EventCountry "GER"]
[SourceTitle "CBM 218 Extra"]
[Source "ChessBase"]
[SourceDate "2024.03.31"]
[SourceVersion "1"]
[SourceVersionDate "2024.03.31"]
[SourceQuality "1"]
[WhiteTeam "Kelheim"]
[BlackTeam "Lichtenberg Borussia"]
[WhiteTeamCountry "GER"]
[BlackTeamCountry "GER"]

1. e4 d5 2. exd5 Qxd5 3. Nc3 Qd6 4. d4 Nf6 5. Nf3 c6 6. Ne5 Bf5 7. g4 Bg6 8. h4 Ne4 9. Bg2 Nxc3 10. bxc3 f6 11. Nxg6 hxg6 12. Qd3 Qe6+ 13. Kf1 Qxg4 14. Rg1 Qh5 15. Bf3 Qh7 16. Rb1 b6 17. Qc4 Kd7 18. d5 Qxh4 19. dxc6+ Kc7 20. Bf4+ e5 21. Qf7+ Kc8 22. Qb7+ Kd8 23. c7+ Ke8 24. c8Q# 1-0

[Event "GER-chT U20 Girls"]
[Site "Magdeburg"]
[Date "2023.12.29"]
[Round "5.2"]
[White "Basovskiy, Jana"]
[Black "Hafermann, Lara"]
[Result "1/2-1/2"]
[WhiteElo "1847"]
[BlackElo "1575"]
[PlyCount "131"]
[EventDate "2023.12.26"]
[EventType "team-swiss"]
[EventRounds "7"]
[EventCountry "GER"]
[SourceTitle "CBM 218 Extra"]
[Source "ChessBase"]
[SourceDate "2024.03.31"]
[SourceVersion "1"]
[SourceVersionDate "2024.03.31"]
[SourceQuality "1"]
[WhiteTeam "Karlsruhe SF"]
[BlackTeam "Lichtenberg Borussia"]
[WhiteTeamCountry "GER"]
[BlackTeamCountry "GER"]

1. e4 d5 2. exd5 Qxd5 3. Nc3 Qd6 4. d4 Nf6 5. Nf3 c6 6. Ne5 Bf5 7. Bc4 e6 8. Bf4 Qd8 9. 0-0 Be7 10. Re1 0-0 11. Bb3 Nbd7 12. Qf3 Nb6 13. Rad1 a5 14. a4 Nbd5 15. Bg3 Nb4 16. Qe2 Qb6 17. Nc4 Qa7 18. h3 Nfd5 19. Nxd5 cxd5 20. Nd6 Bg6 21. Nb5 Qb6 22. c3 Nc6 23. Bc7 Qa6 24. Qe3 Na7 25. Qe2 Bd8 26. Bxd8 Rfxd8 27. Nxa7 Qxe2 28. Rxe2 Rxa7 29. Re3 Rb8 30. Rd2 b5 31. axb5 a4 32. Bd1 Rxb5 33. Be2 Rb6 34. Bf3 h6 35. Bd1 a3 36. bxa3 Rxa3 37. Kh2 Rc6 38. c4 Rxe3 39. cxd5 Rxh3+ 40. Kxh3 exd5 41. Bf3 Be4 42. Bd1 g5 43. Kg3 Rc3+ 44. f3 Rd3 45. Rxd3 Bxd3 46. f4 Kg7 47. fxg5 hxg5 48. Ba4 Kf6 49. Bd7 Bf5 50. Bc6 Ke6 51. Ba4 Bd3 52. Bc6 Ba6 53. Kg4 f6 54. Kf3 Kd6 55. Ba4 Bc8 56. g4 Kc7 57. Bb3 Kc6 58. Bd1 Kb5 59. Ke3 Kb4 60. Be2 Kc3 61. Bf3 Be6 62. Be2 f5 63. gxf5 Bxf5 64. Bf3 Be6 65. Bg2 g4 66. Bh1 1/2-1/2

[Event "GER-chT U20 Girls"]
[Site "Magdeburg"]
[Date "2023.12.27"]
[Round "1.7"]
[White "Kohl, Natalie"]
[Black "Hafermann, Lara"]
[Result "0-1"]
[WhiteElo "1504"]
[BlackElo "1575"]
[PlyCount "50"]
[EventDate "2023.12.26"]
[EventType "team-swiss"]
[EventRounds "7"]
[EventCountry "GER"]
[SourceTitle "CBM 218 Extra"]
[Source "ChessBase"]
[SourceDate "2024.03.31"]
[SourceVersion "1"]
[SourceVersionDate "2024.03.31"]
[SourceQuality "1"]
[WhiteTeam "Meuselwitz"]
[BlackTeam "Lichtenberg Borussia"]
[WhiteTeamCountry "GER"]
[BlackTeamCountry "GER"]

1. e4 d5 2. exd5 Qxd5 3. Nc3 Qd6 4. Nf3 Nf6 5. Be2 Bg4 6. 0-0 e6 7. Re1 Nbd7 8. Nb5 Qb6 9. a4 c6 10. a5 Qd8 11. Nc3 Bd6 12. Ng5 Bxe2 13. Qxe2 h6 14. Nxf7 Bxh2+ 15. Kxh2 Qc7+ 16. Ne5 Nxe5 17. f4 Neg4+ 18. Kh3 Qxf4 19. Qxe6+ Kf8 20. Qe7+ Kg8 21. g3 Qf2 22. Qe6+ Kh7 23. Qe2 Rhe8 24. Qd3+ g6 25. Rh1 Re5 0-1

[Event "GER-ch U18 Girls"]
[Site "Willingen"]
[Date "2023.06.01"]
[Round "7"]
[White "Hafermann, Lara"]
[Black "Werner, Rosalie"]
[Result "1/2-1/2"]
[WhiteElo "1498"]
[BlackElo "1751"]
[PlyCount "103"]
[EventDate "2023.05.27"]
[EventType "swiss"]
[EventRounds "9"]
[EventCountry "GER"]
[SourceTitle "CBM 214 Extra"]
[Source "ChessBase"]
[SourceDate "2023.07.31"]
[SourceVersion "1"]
[SourceVersionDate "2023.07.31"]
[SourceQuality "1"]

1. e4 e6 2. d4 d5 3. Nd2 Nf6 4. e5 Nfd7 5. Bd3 c5 6. c3 Nc6 7. Ne2 cxd4 8. cxd4 f6 9. exf6 Nxf6 10. 0-0 Bd6 11. Nf3 0-0 12. Bf4 Bxf4 13. Nxf4 Ng4 14. Qd2 Qf6 15. Nh5 Qh6 16. Qxh6 Nxh6 17. Rac1 g6 18. Ng3 a6 19. Rc3 Nf7 20. a3 Bd7 21. Rfc1 Rfc8 22. b4 Nd6 23. Ne2 Kg7 24. Nf4 Kf6 25. Bf1 Ne4 26. Re3 Ne7 27. Rxc8 Rxc8 28. Ne5 Be8 29. f3 Nf5 30. Ng4+ Kf7 31. Re1 Nd2 32. Nxe6 Nxf1 33. Ng5+ Kg7 34. Kxf1 Bb5+ 35. Kg1 h6 36. Ne6+ Kf7 37. Nf4 Rc3 38. Nxd5 Rxa3 39. Ne5+ Kg7 40. Nc7 Nxd4 41. Ng4 h5 42. Nxb5 Nxb5 43. Ne3 Rd3 44. Kf2 Rd4 45. Nc2 Rc4 46. Re2 Kf7 47. Ke3 Kf6 48. Kd3 Rc3+ 49. Ke4 Rc4+ 50. Kd3 Rc3+ 51. Ke4 Rc4+ 52. Kd3 1/2-1/2

[Event "GER-ch U18 Girls"]
[Site "Willingen"]
[Date "2023.05.31"]
[Round "5"]
[White "Peglau, Mirjam"]
[Black "Hafermann, Lara"]
[Result "1-0"]
[WhiteElo "1932"]
[BlackElo "1498"]
[PlyCount "57"]
[EventDate "2023.05.27"]
[EventType "swiss"]
[EventRounds "9"]
[EventCountry "GER"]
[SourceTitle "CBM 214 Extra"]
[Source "ChessBase"]
[SourceDate "2023.07.31"]
[SourceVersion "1"]
[SourceVersionDate "2023.07.31"]
[SourceQuality "1"]

1. Nf3 Nf6 2. g3 e6 3. Bg2 d5 4. d4 Be7 5. 0-0 0-0 6. c4 dxc4 7. Qa4 a6 8. Qxc4 b5 9. Qc2 Bb7 10. Bg5 Nc6 11. e3 Nb4 12. Qc1 Rc8 13. a3 Nbd5 14. b4 Nb6 15. Nbd2 Nfd7 16. Bxe7 Qxe7 17. Rd1 Rfd8 18. Qc2 c6 19. Rac1 Nf6 20. Ne5 Nbd5 21. Nb3 Nd7 22. Nd3 e5 23. dxe5 Nxe5 24. Na5 Nxd3 25. Rxd3 g6 26. Qd2 Rd7 27. Rd1 Rcd8 28. Nxb7 Rxb7 29. e4 1-0

[Event "GER-ch U18 Girls"]
[Site "Willingen"]
[Date "2023.05.28"]
[Round "1"]
[White "Hafermann, Lara"]
[Black "Wagner, Margarethe"]
[Result "0-1"]
[WhiteElo "1498"]
[BlackElo "1831"]
[PlyCount "80"]
[EventDate "2023.05.27"]
[EventType "swiss"]
[EventRounds "9"]
[EventCountry "GER"]
[SourceTitle "CBM 214 Extra"]
[Source "ChessBase"]
[SourceDate "2023.07.31"]
[SourceVersion "1"]
[SourceVersionDate "2023.07.31"]
[SourceQuality "1"]

1. e4 c5 2. Nf3 d6 3. d4 cxd4 4. Nxd4 Nf6 5. Nc3 a6 6. Qf3 g6 7. h3 Bg7 8. Bg5 Nbd7 9. 0-0-0 0-0 10. g4 Qa5 11. Qe3 Nc5 12. f3 Ne6 13. h4 Re8 14. Nb3 Qc7 15. h5 Nxg5 16. Qxg5 h6 17. Qd2 g5 18. Nd4 e6 19. Nde2 Rd8 20. e5 Ne8 21. f4 gxf4 22. Qxf4 dxe5 23. Qe3 Rxd1+ 24. Nxd1 Nf6 25. g5 Nd5 26. Qg3 e4 27. Qg2 hxg5 28. Qxg5 Qe7 29. Qg2 Kh8 30. h6 Bf6 31. Qxe4 Bd7 32. Nec3 Nxc3 33. Qxb7 Nxa2+ 34. Kb1 Rd8 35. Kxa2 Qc5 36. Bd3 Qe5 37. Qxa6 Qd5+ 38. b3 Ra8 39. Rf1 Rxa6+ 40. Bxa6 Qa5+ 0-1

[Event "GER-chT U20 Girls"]
[Site "Muenster"]
[Date "2022.12.30"]
[Round "7"]
[White "Peglau, Dora"]
[Black "Hafermann, Lara"]
[Result "1-0"]
[WhiteElo "1869"]
[BlackElo "1414"]
[PlyCount "71"]
[EventDate "2022.12.26"]
[EventType "team-swiss"]
[EventRounds "7"]
[EventCountry "GER"]
[SourceTitle "CBM 212 Extra"]
[Source "ChessBase"]
[SourceDate "2023.03.31"]
[SourceVersion "1"]
[SourceVersionDate "2023.03.31"]
[SourceQuality "1"]
[WhiteTeam "Seeblick"]
[BlackTeam "Lichtenberg Borussia"]
[WhiteTeamCountry "GER"]
[BlackTeamCountry "GER"]

1. Nf3 d5 2. g3 f5 3. Bg2 Nf6 4. d4 e6 5. c4 c6 6. 0-0 Bd6 7. Nc3 0-0 8. Qc2 h6 9. c5 Bc7 10. b4 g5 11. b5 Ne4 12. a4 Qf6 13. Bb2 Nd7 14. Nd2 h5 15. Ncxe4 fxe4 16. Nb3 h4 17. Qd2 g4 18. Bc1 e5 19. Qg5+ Qxg5 20. Bxg5 h3 21. Bh1 Rf7 22. f3 exf3 23. exf3 exd4 24. fxg4 Rg7 25. Bf4 Bxf4 26. Rxf4 Ne5 27. Re1 Re7 28. Nxd4 Bd7 29. g5 cxb5 30. Bxd5+ Kh8 31. Rfe4 Rae8 32. axb5 Bxb5 33. Rh4+ Rh7 34. Bxb7 Rxh4 35. gxh4 Rf8 36. Nxb5 1-0

[Event "GER-chT U20 Girls"]
[Site "Muenster"]
[Date "2022.12.29"]
[Round "6"]
[White "Shevchenko, Alyona"]
[Black "Hafermann, Lara"]
[Result "0-1"]
[WhiteElo "1342"]
[BlackElo "1414"]
[PlyCount "148"]
[EventDate "2022.12.26"]
[EventType "team-swiss"]
[EventRounds "7"]
[EventCountry "GER"]
[SourceTitle "CBM 212 Extra"]
[Source "ChessBase"]
[SourceDate "2023.03.31"]
[SourceVersion "1"]
[SourceVersionDate "2023.03.31"]
[SourceQuality "1"]
[WhiteTeam "Karlsruhe II"]
[BlackTeam "Lichtenberg Borussia"]
[WhiteTeamCountry "GER"]
[BlackTeamCountry "GER"]

1. e4 d6 2. d4 Nf6 3. Bd3 g6 4. h3 Bg7 5. Nf3 0-0 6. Nc3 c5 7. d5 b6 8. Ne2 b5 9. Ng3 b4 10. Qd2 Ba6 11. a3 Bxd3 12. Qxd3 Qb6 13. 0-0 Nfd7 14. axb4 Qxb4 15. c3 Qb7 16. Kh1 f6 17. Nh2 Ne5 18. Qc2 Nbd7 19. f4 Nf7 20. f5 Bh6 21. Ng4 Bxc1 22. Qxc1 g5 23. h4 h6 24. hxg5 hxg5 25. Nh5 Nde5 26. Nxe5 Nxe5 27. Rb1 a5 28. Rd1 Kf7 29. Ng3 Rfb8 30. Nf1 a4 31. Qc2 Qb3 32. Qxb3 axb3 33. Ne3 Rh8+ 34. Kg1 Rh4 35. Ra1 Rxa1 36. Rxa1 Rxe4 37. Kf2 Nd3+ 38. Kf3 Rf4+ 39. Ke2 Nxb2 40. Rb1 Nc4 41. Rxb3 Nxe3 42. Kxe3 Rxf5 43. c4 Rf4 44. Rc3 Rd4 45. g3 g4 46. Rc1 f5 47. Rc3 Kf6 48. Rc1 Ke5 49. Rc2 Re4+ 50. Kd3 f4 51. gxf4+ Kxf4 52. Rf2+ Kg3 53. Rc2 Kf3 54. Rc1 Rd4+ 55. Kc3 g3 56. Rf1+ Ke2 57. Rg1 Kf2 58. Rh1 g2 59. Rh2 Kg3 60. Rxg2+ Kxg2 61. Kb3 Kf3 62. Kc3 Ke3 63. Kb3 Kd3 64. Ka4 Rxc4+ 65. Kb5 Rd4 66. Kc6 c4 67. Kd7 c3 68. Kxe7 c2 69. Kxd6 c1Q 70. Ke5 Qc5 71. Ke6 Rxd5 72. Kf6 Rd6+ 73. Ke7 Qc7+ 74. Kf8 Rd8# 0-1

[Event "GER-ch U16 Girls"]
[Site "Willingen"]
[Date "2021.08.28"]
[Round "8"]
[White "Jacobasch, Ronja"]
[Black "Hafermann, Lara"]
[Result "1-0"]
[WhiteElo "1421"]
[BlackElo "1349"]
[PlyCount "141"]
[EventDate "2021.08.22"]
[EventType "swiss"]
[EventRounds "9"]
[EventCountry "GER"]
[SourceTitle "EXT 2022"]
[Source "ChessBase"]
[SourceDate "2021.10.06"]
[SourceVersion "1"]
[SourceVersionDate "2021.10.06"]
[SourceQuality "1"]

1. Nf3 d5 2. g3 c5 3. Bg2 Nc6 4. d4 e6 5. 0-0 Bd6 6. e3 Nge7 7. b3 f6 8. Bb2 h5 9. Nbd2 Nf5 10. dxc5 Bxc5 11. e4 dxe4 12. Nxe4 Qxd1 13. Raxd1 Be7 14. Rd2 Kf7 15. Rfd1 Rd8 16. Rxd8 Nxd8 17. Nd4 Nxd4 18. Rxd4 e5 19. Rd2 Ke6 20. Nc3 Rb8 21. Nd5 Bd6 22. Ne3 g6 23. Be4 f5 24. Nc4 Bc7 25. Bd5+ Kf6 26. Re2 Nf7 27. Bxf7 Kxf7 28. Bxe5 Bxe5 29. Nxe5+ Kf6 30. Nc4 Bd7 31. Rd2 Bc6 32. Rd6+ Kg7 33. Ne5 Be8 34. c4 b6 35. Kg2 Rb7 36. Re6 Bf7 37. Nxf7 Rxf7 38. Kf3 Rd7 39. Re5 Kf6 40. Re2 Rd3+ 41. Re3 Rd2 42. Re2 Rd3+ 43. Kg2 a5 44. Rc2 Rd6 45. Rc3 Rd2 46. a3 Rd6 47. b4 axb4 48. axb4 Rc6 49. c5 bxc5 50. Rxc5 Rxc5 51. bxc5 g5 52. Kf3 Ke5 53. h4 gxh4 54. gxh4 Kd5 55. Kf4 Kxc5 56. Kxf5 Kd5 57. Kg5 Ke5 58. f3 Ke6 59. f4 Kf7 60. f5 Kg7 61. Kxh5 Kf6 62. Kg4 Kg7 63. Kg5 Kf7 64. h5 Kg7 65. h6+ Kf7 66. f6 Kg8 67. Kg6 Kh8 68. Kf5 Kg8 69. Ke6 Kf8 70. h7 Ke8 71. h8Q# 1-0

[Event "GER-ch U16 Girls"]
[Site "Willingen"]
[Date "2021.08.27"]
[Round "7"]
[White "Hafermann, Lara"]
[Black "Krause, Ricarda Sophie"]
[Result "1/2-1/2"]
[WhiteElo "1349"]
[BlackElo "1474"]
[PlyCount "80"]
[EventDate "2021.08.22"]
[EventType "swiss"]
[EventRounds "9"]
[EventCountry "GER"]
[SourceTitle "EXT 2022"]
[Source "ChessBase"]
[SourceDate "2021.10.06"]
[SourceVersion "1"]
[SourceVersionDate "2021.10.06"]
[SourceQuality "1"]

1. e4 e5 2. Nf3 Nc6 3. Bc4 Nf6 4. d4 exd4 5. 0-0 Bc5 6. e5 d5 7. Bb5 Ne4 8. Nxd4 Bd7 9. Nxc6 bxc6 10. Bd3 Ng5 11. Re1 0-0 12. Qh5 h6 13. h4 Ne4 14. Bxe4 dxe4 15. e6 Bxf2+ 16. Kxf2 Qf6+ 17. Kg1 Qd4+ 18. Kh1 Qf2 19. Qe2 Qxh4+ 20. Kg1 Bxe6 21. Qxe4 Qh5 22. Qxc6 Rad8 23. Nc3 Rfe8 24. Bf4 Qg4 25. Qf3 Qf5 26. Bxc7 Qc5+ 27. Qf2 Qxc7 28. a3 Qb6 29. Qxb6 axb6 30. Nb5 Rd2 31. Nc7 Re7 32. Nxe6 Rxe6 33. Rxe6 fxe6 34. Rc1 Kf7 35. b4 Ke7 36. c4 Ra2 37. Rc3 Kd6 38. c5+ bxc5 39. bxc5+ Kc6 40. Kh2 e5 1/2-1/2

[Event "GER-ch U16 Girls"]
[Site "Willingen"]
[Date "2021.08.25"]
[Round "4"]
[White "Hafermann, Lara"]
[Black "Wagner, Margarethe"]
[Result "0-1"]
[WhiteElo "1349"]
[BlackElo "1832"]
[PlyCount "84"]
[EventDate "2021.08.22"]
[EventType "swiss"]
[EventRounds "9"]
[EventCountry "GER"]
[SourceTitle "EXT 2022"]
[Source "ChessBase"]
[SourceDate "2021.10.06"]
[SourceVersion "1"]
[SourceVersionDate "2021.10.06"]
[SourceQuality "1"]

1. d4 d5 2. Nf3 Nf6 3. e3 e6 4. Bd3 Bd6 5. 0-0 0-0 6. Nbd2 b6 7. b3 Bb7 8. Ne5 c5 9. Bb2 Qc7 10. h3 Nbd7 11. Ndf3 Ne4 12. c4 Rad8 13. Qc2 f6 14. Nxd7 Rxd7 15. cxd5 exd5 16. Rac1 Re7 17. Nh4 g6 18. Qe2 Qb8 19. Qg4 Bc8 20. Qe2 Qb7 21. Nf3 Bd7 22. Nd2 Ng5 23. h4 Ne6 24. Qf3 cxd4 25. exd4 b5 26. Rfe1 a6 27. g4 Kg7 28. Nf1 Rfe8 29. Bb1 Nf4 30. Rxe7+ Rxe7 31. Ne3 a5 32. Rc2 a4 33. bxa4 bxa4 34. Qd1 a3 35. Ba1 Ba4 36. Qc1 Bxc2 37. Qxc2 Rc7 38. Qd1 Qb5 39. Kh1 Qe2 40. Qxe2 Nxe2 41. Bd3 Rc1+ 42. Kg2 Nf4+ 0-1

[Event "GER-chT U20 Girls"]
[Site "Willingen"]
[Date "2021.06.25"]
[Round "3.4"]
[White "Hafermann, Lara"]
[Black "Visvikis, Kassandra"]
[Result "0-1"]
[WhiteElo "1323"]
[BlackElo "1610"]
[PlyCount "94"]
[EventDate "2021.06.23"]
[EventType "team-swiss"]
[EventRounds "7"]
[EventCountry "GER"]
[SourceTitle "CBM 203 Extra"]
[Source "ChessBase"]
[SourceDate "2021.09.30"]
[SourceVersion "1"]
[SourceVersionDate "2021.09.30"]
[SourceQuality "1"]
[WhiteTeam "Lichtenberg Borussia"]
[BlackTeam "Baden-Baden"]
[WhiteTeamCountry "GER"]
[BlackTeamCountry "GER"]

1. c4 c5 2. g3 Nf6 3. Bg2 Qc7 4. Nc3 a6 5. e3 Nc6 6. Nge2 d6 7. b3 Bd7 8. Bb2 Ne5 9. d4 Ng6 10. a3 Rb8 11. Qd3 e6 12. b4 Qb6 13. dxc5 dxc5 14. Na2 cxb4 15. Qb3 Bc6 16. 0-0 Bxg2 17. Kxg2 Qc6+ 18. f3 bxa3 19. Bxa3 Bxa3 20. Qxa3 Qxc4 21. Nac3 Nd5 22. Nxd5 Qxd5 23. Rfd1 Qc4 24. Nf4 Nxf4+ 25. gxf4 Rd8 26. Rxd8+ Kxd8 27. Rd1+ Ke8 28. Qd6 Qc8 29. Kg3 f6 30. h4 Rf8 31. Qd3 f5 32. e4 Rf7 33. exf5 Rd7 34. Qxd7+ Qxd7 35. Rxd7 Kxd7 36. fxe6+ Kxe6 37. Kg4 b5 38. Kg5 b4 39. f5+ Kf7 40. h5 b3 41. h6 gxh6+ 42. Kxh6 Kf6 43. Kxh7 b2 44. Kh6 b1Q 45. Kh7 Qxf5+ 46. Kh8 Qd7 47. f4 Qg7# 0-1